Auditoría del sector público : manual de control de calidad de los trabajos de auditoría manual de control de calidad de los trabajos de auditoría
ISBN:
84-505-4554-4
Publicado:
Madrid :
Intervención General de la Administración del Estado. Ministerio de Economía y Hacienda ,
1985
Descripción Física:
63 p. ; 23 cm
MARC
| LEADER | 00000nam a2200000Ia 4500 | ||
|---|---|---|---|
| 001 | 18447 | ||
| 008 | 160829s1985 xx 000 0 cat d | ||
| 020 | |a 84-505-4554-4 | ||
| 080 | |a M-5-329 | ||
| 245 | |a Auditoría del sector público : |b manual de control de calidad de los trabajos de auditoría | ||
| 260 | |a Madrid : |b Intervención General de la Administración del Estado. Ministerio de Economía y Hacienda, |c 1985 | ||
| 300 | |a 63 p. ; |c 23 cm | ||
| 650 | |a Sector públic |x Auditoria |x Espanya |9 22151 | ||
| 650 | |a Auditoria |x Control de qualitat |x Espanya |9 22152 | ||
| 710 | 1 | |a Espanya. |b Intervención General de la Administración del Estado |9 55087 | |
| 901 | |a Arxiu | ||
| 942 | |n 1 |2 udc | ||
| 952 | |0 0 |1 0 |4 0 |6 M5329 |7 1 |9 42083 |a Arxiu |b Arxiu |d 2016-12-01 |l 0 |o M-5-329 |p 18447 |r 2016-12-01 00:00:00 |w 2016-12-01 |y ARXIU | ||
| 999 | |c 44530 |d 44530 | ||